Propuestas ambientales para elevar la calidad de vida del barrio Costa Rica

La investigación se enfoca en el mejoramiento de las características urbano arquitectónicas del sitio y por ende la elevación de la calidad de vida de sus pobladores, se determinan los problemas que presenta el barrio Costa Rica a través de la utilización del instrumental de evaluación analiz...

Full description

Bibliographic Details
Main Authors: Sáenz Baltodano, Danjeiska, López Vallejos, Luzana
Other Authors: Tutor: Gómez Ortega, Graciela Dionides
Format: Tesis Section = Libro
Language:Undetermined
Spanish
Published: Managua UNI 2010
Subjects:
LEADER 01283nam a2200265Ia 4500
008 240830s9999 xx 000 0 und d
040 |a BIBLIOTECA-RUSB/ T.Mon 711 S127 
041 |a spa 
082 |a T.Mon 711 S127 
100 1 |a Sáenz Baltodano, Danjeiska 
100 1 |b López Vallejos, Luzana 
245 1 0 |a Propuestas ambientales para elevar la calidad de vida del barrio Costa Rica 
260 |a Managua  |b UNI  |c 2010 
300 |a 94 p. :il. 
502 |a Tesis (Arquitecto) - UNI, 2010. 
520 3 |a La investigación se enfoca en el mejoramiento de las características urbano arquitectónicas del sitio y por ende la elevación de la calidad de vida de sus pobladores, se determinan los problemas que presenta el barrio Costa Rica a través de la utilización del instrumental de evaluación analizando cada uno de los sistemas de indicadores y proporcionando posibles propuestas que puedan mejorar la calidad de vida de la población. 
650 7 |a URBANISMO - PLANIFICACIÓN DEL ESPACIO 
650 7 |b  CALIDAD DE VIDA - BARRIO COSTA RICA 
650 7 |c  VIVIENDAS 
650 7 |d  PROTECCIÓN DEL MEDIO AMBIENTE 
650 7 |e  DESARROLLO DE LA COMUNIDAD 
700 1 |a Tutor:  |b Gómez Ortega, Graciela Dionides 
942 |c BK  |2 ddc 
991 |a TESIS 
999 |c 21972